000119097 001__ 119097
000119097 005__ 20221025101338.0
000119097 037__ $$aTAZ-TFM-2022-646
000119097 041__ $$aspa
000119097 1001_ $$aArmañac Julián, Pablo
000119097 24200 $$aAdditive Manufacturing of Parts and Adaptations in the Framework of the HUMAN TECHNOLOGY Project, for People with Disabilities
000119097 24500 $$aFabricación Aditiva de Piezas y Adaptaciones en el Marco del Proyecto Human Technology, Para Personas con Discapacidad
000119097 260__ $$aZaragoza$$bUniversidad de Zaragoza$$c2022
000119097 506__ $$aby-nc-sa$$bCreative Commons$$c3.0$$uhttp://creativecommons.org/licenses/by-nc-sa/3.0/
000119097 520__ $$aA lo largo de esta memoria, se desarrolla un proyecto de innovación docente, en el cual se detalla la implementación y uso de la fabricación aditiva en el entorno educativo. Es un proyecto cimentado en la metodología Aprendizaje-Servicio, bajo el marco de HUMAN TECHNOLOGY. Se trata de diseñar e imprimir en 3D diversas piezas y adaptaciones que sirvan o ayuden en la vida diaria a personas con alguna discapacidad o necesidades especiales. Se concretizan 5 actividades que se realizan en distintos módulos formativos, de distintos ciclos y niveles (desde FPB hasta Curso de Especialización), en 3 centros educativos distintos (IES Pablo Serrano, CPIFP Corona de Aragón y Centro San Valero). Los objetivos específicos del proyecto son tanto imprimir piezas en 3D que sirvan como adaptaciones, como el hecho de desplegar una red de impresoras 3D en los centros adscritos al proyecto, con un encapsulado aislante de calor, ruido y polvo y un sistema de monitorización en tiempo real, que permita tanto la comunicación directa con la impresora, como su manejo de forma online. Sin embargo, el objetivo general de este proyecto de innovación educativa es formar y familiarizar a los alumnos de FP en el uso y manejo de las tecnologías de fabricación aditiva, sector en auge y con potenciales aplicaciones tanto en la industria como en la vida real.<br />
000119097 521__ $$aMáster Universitario en Profesorado de Educación Secundaria Obligatoria, Bachillerato, Formación Profesional y Enseñanza de Idiomas, Artísticas y Deportivas
000119097 540__ $$aDerechos regulados por licencia Creative Commons
000119097 700__ $$aAcero Cacho, Raquel$$edir.
000119097 7102_ $$aUniversidad de Zaragoza$$bIngeniería de Diseño y Fabricación$$cIngeniería de los Procesos de Fabricación
000119097 8560_ $$f681830@unizar.es
000119097 8564_ $$s15809864$$uhttps://zaguan.unizar.es/record/119097/files/TAZ-TFM-2022-646_ANE.pdf$$yAnexos (spa)
000119097 8564_ $$s17352812$$uhttps://zaguan.unizar.es/record/119097/files/TAZ-TFM-2022-646.pdf$$yMemoria (spa)
000119097 909CO $$ooai:zaguan.unizar.es:119097$$pdriver$$ptrabajos-fin-master
000119097 950__ $$a
000119097 951__ $$adeposita:2022-10-25
000119097 980__ $$aTAZ$$bTFM$$cFEDU
000119097 999__ $$a20220701093613.CREATION_DATE